000 00844nam a2200241 a 4500
001 59764
003 BD-RjUL
005 20211209080751.0
008 161227s1979 bg a|||| ||||o001 0deng d
020 _c: Tk. 40.00
035 _a(BD-RjUL)59888
040 _aBD-RjUL
_beng
_cBD-RjUL
041 _aeng
082 _223
_a910.3
_bJES 1979
110 _aBangladesh.
_bEstablishment Division
_9178878
245 _aBangladesh District Gazetteers Jessore /
_cBangladesh. Establishment Division; General editor K.G.M Latiful Bari.
260 _aDacca :
_bBangladesh Government Press,
_c1979.
300 _a2, v, 345 p. , [11] plates :
_bill.;
_c25 cm.
504 _aIncludes Bibliographical Reference and index
650 _aBangladesh
_zJessor
_vGezetteers
_9177823
700 _aBari, K. G. M. Latiful, General editor.
_9177824
942 _2ddc
_cRAR
999 _c59764
_d59764